000 00540nam a2200205Ia 4500
005 20250508165021.0
008 008 250505s9999 xx 000 0 eng d
020 _a0-7619-5211-X
037 _aTextual
040 _aFEDL
_beng
_cFEDL
041 _aeng
_2eng
084 _a576, POS
_qFEDL
100 _aPostgate John
245 0 _aOuter reaches of life
260 _aNew York, USA
_bCambridge University Press
_c1994
300 _axi,276p.
546 _aMACESE
942 _cTEXL
_h576, POS
999 _c1392675
_d1392675